000
00249nam a22000857a 4500
008
170110b xxu||||| |||| 00| 0 eng d
100
_9
2293
_a
Ramaswamy. S
245
_a
Nature Quest : Environmental Education-7
260
_a
New Delhi
_b
Orient Publishers
_c
2007
999
_c
5192
_d
5192